000 00683cam a22002413a 4500
001 20420
003 PGUSA
005 20140828083431.0
008 070122s2007||||xxu|||||s|||||000 | eng d
040 _aPGUSA
_beng
042 _adc
050 4 _aBF
100 1 _aStead, W. T.
_q(William Thomas),
_d1849-1912
245 1 0 _aReal Ghost Stories
_h[electronic resource] /
_cW. T. Stead
260 _bProject Gutenberg,
_c2007
506 _aPublic domain in the USA.
516 _aElectronic text
653 _aGhost stories
700 1 _aStead, Estelle W.
_q(Estelle Wilson)
830 0 _aProject Gutenberg
_v20420
856 4 0 _uhttp://www.gutenberg.org/ebooks/20420
942 _cEB
999 _c249675
_d249675